000 00907nam a22002657a 4500
001 3520
003 FISKH
005 20260116093952.0
008 240315b cb ||||| |||| 00| 0 eng d
020 _a9780141340821
040 _aFISK
_beng
_cFISK
_dFISK
050 _aPZ7.K6232
082 _a813.6
100 _aKinney Jeff
_d1971-
245 _aDiary of a wimpy kid /
_bThe ugly truth,
_cJeff Kinney
260 _aBritain :
_bPuffin Books,
_c2012
300 _a217 pages :
_billustrations,
_c21 cm
490 _3Diary of a wimpy kid
505 _aU
520 _aWhile trying to find a new best friend after feuding with Rowley, middle-school slacker Greg Heffley is warned by older family members that adolescence is a time to act more responsibly and to think seriously about his future.
521 8 _a1000
_bLexile
700 _aJeff Kinney
942 _2ddc
_cBK
_n0
999 _c3520
_d3520